000 00348nam a22001457a 4500
003 MACL
005 20180529163934.0
008 180529b xxu||||| |||| 00| 0 eng d
040 _cMACL
100 _aBhatt,V.N.
_972657
245 _aINDIAN FOLKLORE
260 _aAllahabad
_bJyoti Publication
_c2014
650 _aFolklore
_972658
942 _2ddc
_cBK
999 _c58163
_d58163